000 00945cab a2200253 4500
001 ABS59763
008 090401t1998 xxu||||| |||| 00| 0 eng d
035 _a(Sirsi) u90266
041 _aeng
100 _aPenton, J.
245 _aCreating caring environments
260 _c1998
350 _a0
490 _aArchitects` Journal
_v208(21) 3-10 December 1998, 46(1)
520 _aDiscussion of the growth in demand for suitable residential provision for the elderly. Reviews critically Health Facilities Note 19 "The design of residential care and nursing homes for older people" from Centre for Accessible Environments, which examines design principles for new and converted buildings.
650 _aDESIGN
650 _aELDERLY PEOPLE
650 _aHEALTH FACILITIES NOTE 19
650 _aNURSING HOMES
650 _aRESIDENTIAL HOMES
690 _aBUILT ENVIRONMENT-CONSTRUCTION DESIGN
942 _n0
948 _c11/12/1998
999 _c57207
_d57207